| 000 | 00719nam a2200181 4500 | ||
|---|---|---|---|
| 999 |
_c16318 _d16318 |
||
| 008 | 211118b ||||| |||| 00| 0 eng d | ||
| 022 | _a0732-8435 | ||
| 082 | _aDPer 657.05 C33 Apr - Sept 2016, v86 n4-9 | ||
| 100 |
_aAyres, Douglas. _943702 |
||
| 245 |
_aMaking the jump from accounting practice to academia: _bconsiderations for the transition to a PhD program/ _cDouglas Ayres, Kelsey R. Brasel and James Duncan. |
||
| 260 |
_aNew York: _bThe New York State Society of CPA, _c©2016. |
||
| 300 |
_av86 n8, pages 22-28: _billustrations; _c28 cm. |
||
| 500 | _aThe CPA Journal | ||
| 650 |
_aAccounting. _943703 |
||
| 700 |
_aBrasel, K. R. _eAuthor. _943704 |
||
| 700 |
_aDuncan, J. _eAuthor. _943705 |
||
| 942 |
_2ddc _cPER |
||